Modern constitution at work (Record no. 423875)

000 -LEADER
fixed length control field 00336cam a22001217a 4500
008 - FIXED-LENGTH DATA ELEMENTS--GENERAL INFORMATION
fixed length control field 180718b1950 xxu||||| |||| 00| 0 eng d
082 ## - DEWEY DECIMAL CLASSIFICATION NUMBER
Classification number C4 Sh23
100 ## - MAIN ENTRY--PERSONAL NAME
Personal name Sharma, Indra Datt
245 ## - TITLE STATEMENT
Title Modern constitution at work
Statement of responsibility, etc. by Indra Datt Sharma
260 ## - PUBLICATION, DISTRIBUTION, ETC.
Place of publication, distribution, etc. Lucknow
Name of publisher, distributor, etc. Balkrishna Book
Date of publication, distribution, etc. 1950
300 ## - PHYSICAL DESCRIPTION
Extent xx, 566p
650 ## - SUBJECT ADDED ENTRY--TOPICAL TERM
Topical term or geographic name entry element Constitutions
Holdings
Withdrawn status Lost status Damaged status Not for loan Permanent Location Current Location Date acquired Full call number Barcode Date last seen Price effective from Koha item type
        Indian Institute of Public Administration Indian Institute of Public Administration 2009-09-09 C4 Sh23 282 2018-07-21 2018-07-21 Book

Powered by Koha